Prieskum uplatnenia NC strojov a pružných výrobných systémov v strojárskom priemyselnom podniku s dôrazom na zmeny v plánovaní profesnej a kvalifikačnej štruktúry robotníkov záverečná práca postgraduálneho štúdia

Gespeichert in:
Bibliographische Detailangaben
1. Verfasser: Lukášik, Jozef
Körperschaft: Vysoká škola ekonomická v Bratislave
Weitere Verfasser: Kráľovič, Jozef
Format: Buch
Sprache:Slowakisch
Veröffentlicht: Bratislava 1987
Tags: Tag hinzufügen
Keine Tags, Fügen Sie das erste Tag hinzu!

MARC

LEADER 00000nam a2200000 4500
001 c030696
005 20221220121117.2
041 0 |a slo 
044 |a SK 
245 1 0 |a Prieskum uplatnenia NC strojov a pružných výrobných systémov v strojárskom priemyselnom podniku s dôrazom na zmeny v plánovaní profesnej a kvalifikačnej štruktúry robotníkov  |b záverečná práca postgraduálneho štúdia  |c Jozef Lukášik ; Ved. práce Jozef Kráľovič 
264 1 |a Bratislava  |c 1987 
300 |a 54 s. 
100 1 |a Lukášik, Jozef 
700 1 |a Kráľovič, Jozef 
710 2 |a Vysoká škola ekonomická v Bratislave